|
|
|
|
| LEADER |
00000nab a2200000 a 4500 |
| 001 |
vtls000581305 |
| 003 |
SK-MaSNL |
| 005 |
20260304175544.0 |
| 008 |
160203c1996 xo 0 slo |
| 015 |
|
|
|a SNBRB19rr/mm-uuuuu
|
| 035 |
|
|
|a CL0581443
|
| 040 |
|
|
|a SNKBUCL
|b slo
|c SNKBUCL
|e AACR2
|
| 041 |
0 |
|
|a slo
|
| 044 |
|
|
|a xo
|c SK
|
| 080 |
|
|
|a 331.881(437.6)
|2 1981
|
| 100 |
1 |
|
|a Janovský, Miloslav
|4 aut
|9 679061
|
| 245 |
1 |
0 |
|a V hre je príliš veľa - ide o jednotu odborov na Slovensku
|c Miloslav Janovský
|
| 610 |
2 |
7 |
|a Odborový zväz KOVO (Bratislava, Slovensko)
|2 snkbucl
|9 258673
|
| 650 |
0 |
7 |
|a Konfederácia odborových zväzov Slovenskej republiky
|2 snkbucl
|9 893788
|
| 655 |
|
7 |
|a články z novín a časopisov
|2 snkbucl
|9 267496
|
| 773 |
0 |
|
|t Práca
|g Roč. 51, č. 95 (24. 4. 1996), s. 5
|
| 850 |
|
|
|a Slovenská národná knižnica v Martine
|a MTA001
|
| 852 |
|
|
|a SNK
|b KIS3GCP
|
| 958 |
|
|
|a RK
|
| 958 |
|
|
|a SK
|
| 992 |
|
|
|a RBX
|
| 999 |
|
|
|c 3014113
|d 3016043
|